| 000 | 00525nam a2200169 a 4500 | ||
|---|---|---|---|
| 001 | 000016463 | ||
| 005 | 20200929164922.0 | ||
| 008 | 100305s1923 dr 000 0 spa d | ||
| 040 |
_aDO-SdBNP _bspa _cBNPHU |
||
| 082 |
_axxx _bR426r |
||
| 110 | 1 |
_aRepública Dominicana _9447 |
|
| 245 | 1 | 0 | _aReglamento general de policía. |
| 260 |
_aSanto Domingo _fDe J. R. Vda. García _c1923. |
||
| 300 |
_a92 p. ; _c25 cm. |
||
| 500 | _aDictado en fecha 15 de junio del 1923. Publicado en la gaceta oficial núm. 2440. | ||
| 049 | _aBNPD | ||
| 999 |
_c15998 _d15998 |
||